000 00853cam a22002655a 4500
001 17437590
005 20151115153019.0
008 120822t2013 enka frbd f001 0 eng d
020 _a9780199697397 (pbk.)
040 _aDLC
_beng
_cDLC
_dEG-ScBUE
082 0 4 _a615.19
_bPAT
_222
100 1 _aPatrick, Graham L.
_938449
245 1 3 _aAn introduction to medicinal chemistry /
_cGraham L. Patrick.
246 3 0 _aMedicinal chemistry
250 _a5th ed.
260 _aOxford :
_bOxford University Press,
_cc.2013.
300 _axxiii, 789 p. :
_bill. ;
_c26 cm.
500 _aIndex : p. 763-789.
500 _aGlossary : p. 741-760.
504 _aIncludes bibliographical references.
650 7 _aPharmaceutical chemistry.
_2BUEsh
_930027
651 _2BUEsh
653 _bPPhrm
_cJune2015
_cSeptember2015
_cNovember2015
942 _2ddc
_k615.19 PAT
999 _c19977
_d19949